Derecho internacional público / (Registro nro. 3670)

Detalles MARC
000 -LEADER
fixed length control field 01065nam a2200265Ia 4500
003 - CONTROL NUMBER IDENTIFIER
control field OSt
005 - DATE AND TIME OF LATEST TRANSACTION
control field 20200728111102.0
008 - FIXED-LENGTH DATA ELEMENTS--GENERAL INFORMATION
fixed length control field 191128s1995 ck adb fr 000 0 spa d
020 ## - INTERNATIONAL STANDARD BOOK NUMBER
International Standard Book Number 9589506119
040 ## - CATALOGING SOURCE
Original cataloging agency CO-JMCR
Transcribing agency CO-JMCR
041 0# - LANGUAGE CODE
Language code of text/sound track or separate title spa
082 04 - DEWEY DECIMAL CLASSIFICATION NUMBER
Classification number 341 /
Item number V494d
Edition number 23
100 1# - MAIN ENTRY--PERSONAL NAME
Personal name Vergara Molano, Alberto,
Relator term autor
9 (RLIN) 7949
245 10 - TITLE STATEMENT
Title Derecho internacional público /
Statement of responsibility, etc. Alberto Vergara Molano
250 ## - EDITION STATEMENT
Edition statement Segunda edición
260 ## - PUBLICATION, DISTRIBUTION, ETC.
Place of publication, distribution, etc. Bogotá :
Name of publisher, distributor, etc. La Constitución,
Date of publication, distribution, etc. 1995
300 ## - PHYSICAL DESCRIPTION
Extent 621 páginas :
Other physical details gráficos y mapas a blanco y negro ;
Dimensions 24 cm.
500 ## - GENERAL NOTE
General note Incluye notas a pie de página.
504 ## - BIBLIOGRAPHY, ETC. NOTE
Bibliography, etc. note Bibliografía: páginas 615-621
505 0# - FORMATTED CONTENTS NOTE
Formatted contents note Nociones generales del derecho internacional - Historia del derecho internacional -- Principales corrientes doctrinas del derecho internacional -- Teorías sobre el fundamento jurídico del derecho internacional.
650 14 - SUBJECT ADDED ENTRY--TOPICAL TERM
Topical term or geographic name entry element Derecho internacional público
9 (RLIN) 7950
651 #2 - SUBJECT ADDED ENTRY--GEOGRAPHIC NAME
Geographic name Colombia
General subdivision límites
Geographic subdivision Venezuela
9 (RLIN) 7951
651 #2 - SUBJECT ADDED ENTRY--GEOGRAPHIC NAME
Geographic name Colombia
General subdivision límites
Geographic subdivision Nicaragua
9 (RLIN) 7952
942 ## - ADDED ENTRY ELEMENTS (KOHA)
Source of classification or shelving scheme Dewey Decimal Classification
Koha item type Books
Existencias
Withdrawn status Lost status Source of classification or shelving scheme Damaged status Not for loan Collection code Home library Current library Date acquired Source of acquisition Total Checkouts Full call number Barcode Date last seen Date last checked out Copy number Koha item type
    Dewey Decimal Classification     Non-fiction Biblioteca Pública José María del Castillo y Rada Biblioteca Pública José María del Castillo y Rada 07/23/2018 Donación 1 341 / V494d 201807566 11/20/2025 11/20/2025 Ej.1 Books